A tiszta forrás közelében

Elmentve itt :
Bibliográfiai részletek
Szerzők: Tandi Lajos
Takáts László
Dokumentumtípus: Cikk
Megjelent: 1974-01-27
Sorozat:Délmagyarország 64 No. 22
Kulcsszavak:Kallós Zoltán, tudósok látogatásai
Online Access:http://dmarchiv.bibl.u-szeged.hu/95333
LEADER 00504nab a2200169 i 4500
001 delm95333
005 20190417081509.0
008 190417s1974 hu o 0|| hun d
040 |a SZTE Délmagyarország Archívum  |b hun 
041 |a hun 
100 1 |a Tandi Lajos 
245 1 2 |a A tiszta forrás közelében  |h [elektronikus dokumentum] /  |c  Tandi Lajos 
260 |c 1974-01-27 
300 |a 5 
490 0 |a Délmagyarország  |v 64 No. 22 
695 |a Kallós Zoltán, tudósok látogatásai 
700 0 1 |a Takáts László  |e aut